载入...

Administrative reforms in india/

书目详细资料
主要作者: Maheshwari, S R.
格式: Printed Book
语言:English
出版: New Delhi: Macmillan, 2008.
LEADER 00532nam a22001577a 4500
003 OSt
008 160705b xxu||||| |||| 00| 0 eng d
020 |a 978 0333 937990 
082 |a 350 MAH/A3 
100 |a Maheshwari, S R. 
245 |a Administrative reforms in india/ 
260 |a New Delhi:  |b Macmillan,  |c 2008. 
300 |a 344p. 
942 |2 ddc  |c BK 
999 |c 339223  |d 339223 
952 |0 0  |1 0  |4 0  |6 350_000000000000000_MAH_A3  |7 0  |9 389453  |a POL  |b POL  |c ST1  |d 2011-09-01  |g 0.00  |i POL1621  |l 1  |o 350 MAH/A3  |p POL1621  |r 2016-06-21  |s 2015-11-13  |w 2018-08-20  |y BK